00409 2200169 4500001002100000005001500021008004100036020000600077035001900083041000700102082001000109090001600119100001400135245004700149260001600196300002700212INLIS00000000000160420220725120221220725||||||||| | ||| |||| || |  a- 0010-0722001604 aid0 a635.1 a635.1 Soe m0 aSOEWITO,M00aMemanfaatkan lahan 5 bercocok tanam wortel aDepokc1991 a74 p.;Bil., fig.;21 Cm